| 000 | 00770nam a2200193 a 4500 | ||
|---|---|---|---|
| 008 | 090305s2000 ||||||||||||||||| || u | ||
| 020 | _a0471492981 | ||
| 050 | _aTK 5103.2 Cla | ||
| 100 | _aClark, Martin P | ||
| 245 | 1 | 0 |
_aWireless access networks: fixed wireless access and WLL networks--design and operation _cMartin P. Clark |
| 260 |
_aChichester: _bJohn Wiley and Sons _c2000 |
||
| 300 | _aix, 414p.: ill. | ||
| 350 | _a0.00 | ||
| 650 | _aTELECOMMUNICATION | ||
| 650 | _aBROADBAND COMMUNICATION SYSTEMS | ||
| 650 | 0 | _aWIRELESS COMMUNICATION SYSTEMS | |
| 650 | _aLOCAL LOOP (TELEPHONY) | ||
| 995 |
_D0.00 _FCBU-MAIN LIBRARY (Kitwe) _H1 _I0.00 _M1 _UAVAILABLE _WMar 5, 2009 _ZMain Library Open Access Collection |
||
| 999 |
_c61807 _d61807 |
||